=LDR 00000nam 2200000 4500 =001 INLIS000000000005124 =005 20251008123348 =035 ##$$a 0010-1025000179 =007 ta =008 251008###########################0#ind## =020 ##$$a 978-602-6232-67-0 =082 ##$$a 006.31 =084 ##$$a 006.31 RIF b =100 #$$a Rifkie Primartha =245 1#$$a Belajar Machine Learning Teori dan Praktik : $b - /$c Rifkie Primartha =250 ##$$a pertama =260 ##$$a Jakarta :$b Informatika,$c 2018 =300 ##$$a 484 halaman : $b ilus ; $c 24 cm$e - =650 #4$$a Komputer =856 ##$$a Perpustakaan BKKBN